000 00688pam a2200229 a 4500
001 1596188
005 20180312091247.0
008 940311s1994 vaua f 001 0 eng
010 _a 94013264
020 _a0783538502 (trade)
020 _a0783538510 (lib. bdg.)
040 _aDLC
_cDLC
_dDLC
041 _aeng
080 _a690..184 JAM
082 0 0 _a690..184 JAM
_220
100 _a42
101 _aNDE
245 0 0 _aDecks, porches, and patios /
_cby the editors of Time-Life Books.
906 _a7
_bcbc
_corignew
_d1
_eocip
_f19
_gy-gencatlg
942 _2ddc
_cBK
999 _c44765
_d44765